| 000 | 00815 a2200289 4500 | ||
|---|---|---|---|
| 003 | Nust | ||
| 005 | 20170207165830.0 | ||
| 020 | _a0511602588 | ||
| 020 | _a0511603363 (ebook) | ||
| 020 | _a9780511602580 | ||
| 020 | _a9780511602580 | ||
| 020 | _a9780511602580 | ||
| 020 | _a9780511602580 | ||
| 020 | _a9780511602580 | ||
| 020 | _a9780511603365 (ebook) | ||
| 040 | _cNust | ||
| 082 | 0 | 4 | _a519.5 |
| 100 | 1 | _aFreedman, David, | |
| 245 | 1 | 0 |
_aStatistical models (E-BOOK) _btheory and practice / _cDavid A. Freedman. |
| 250 | _a[Rev. ed.] | ||
| 260 |
_aCambridge ; _aNew York : _bCambridge University Press, _cc2009 |
||
| 300 |
_a1 online resource (xiv, 442 p.) : _bill. |
||
| 650 | 0 | _aBootstrap (Statistics) | |
| 650 | 0 | _aLinear models (Statistics) | |
| 650 | 0 | _aMathematical statistics. | |
| 651 | _aE-Book | ||
| 942 |
_2ddc _cBK |
||
| 999 |
_c213234 _d213234 |
||